|
|
|
|
| LEADER |
01033pam a22002178a 4500 |
| 001 |
00015715 |
| 005 |
20171026081022.0 |
| 008 |
110330s1984 ||||||Viesd |
| 041 |
0 |
# |
|a Vie
|
| 082 |
1 |
4 |
|a 324.259 707 1
|b QU105TR
|
| 110 |
1 |
# |
|a Khoa Triết học
|b Trường Đảng cao cấp Nguyễn Ái Quốc
|
| 245 |
0 |
0 |
|a Quán triệt Nghị quyết đại hội lần thứ V của Đảng vào giảng dạy và nghiên cứu triết học
|
| 260 |
# |
# |
|a H.
|b SGK Mác Lê-nin
|c 1984
|
| 300 |
# |
# |
|a 250 tr.
|c 19 cm.
|
| 653 |
# |
# |
|a Đảng cộng sản Việt nam
|a Đại hội Đảng
|a Triết học
|a chủ nghĩa xã hội
|
| 710 |
|
|
|a Khoa Triết học
|b Trường Đảng cao cấp Nguyễn Ái Quốc
|
| 852 |
# |
# |
|b Kho mượn
|j KM.0000782, KM.0000783, KM.0000785
|
| 852 |
# |
# |
|b Kho đọc
|j KD.0001069
|
| 852 |
# |
# |
|j KD.0001069
|j KM.0000782
|j KM.0000785
|j KM.0000783
|
| 910 |
|
|
|d 30/03/2011
|
| 980 |
# |
# |
|a Trung tâm Học liệu Lê Vũ Hùng, Trường Đại học Đồng Tháp
|